000 00684nam a22002417a 4500
003 UA-OsUOA
001 74858
007 ta
008 20110418b un ||||| |||| 00| 0 ukr d
100 _aСкарга М.
700 _aШелегеда Б.
700 _aБаєвська Р.
090 _a330(477)
_bС42
942 _cSA
040 _aUA-OsUOA
_bukr
_cUA-OsUOA
_dUA-OsUOA
245 _aКоригування відмінностей у соціально-економічному розвитку територій
300 _aС.77-88
955 _a0
041 _aukr
080 _a330(477)
773 0 _w74854
650 7 _a330 Економіка взагалі
_2UDC
999 _c361152
_d361152